Elektrické rozvody v trubkách a lištách /
Guardado en:
| Autores principales: | , |
|---|---|
| Formato: | Libro |
| Lenguaje: | checo |
| Publicado: |
Praha :
SNTL,
1988
|
| Etiquetas: |
Sin Etiquetas, Sea el primero en etiquetar este registro!
|
MARC
| LEADER | 00000nam a22000003a 4500 | ||
|---|---|---|---|
| 001 | stu440 | ||
| 005 | 20150617225704.6 | ||
| 008 | 910528s1988----cs------------------cze-d | ||
| 040 | |a STU |b slo | ||
| 041 | 0 | |a cze | |
| 044 | |a cs | ||
| 080 | |a 621.315.67/.68 | ||
| 100 | 1 | |a Sládek, Dušan |4 aut | |
| 245 | 1 | |a Elektrické rozvody v trubkách a lištách / |c [aut.] Kvapílik,Zdeněk; Sládek,Dušan | |
| 260 | |a Praha : |b SNTL, |c 1988 | ||
| 300 | |a 319 s | ||
| 700 | 1 | |a Kvapilík, Zdeněk |4 aut | |
| 996 | |b E70058 |c E*70058 |l EE05 |s P |a 0 |w stu440_0001 | ||